00485nam a22001697a 4500003000900000008004100009040007100050082001700121100001900138245001600157260003500173300002800208440003000236650002300266650001300289650001300302AR-CdUCM190305b ||||| |||| 00| 0 spa d aMUNICIPALIDAD PROVINCIAL DEL CUSCOcBIBLIOTECA MUNICIPAL DEL CUSCO a839.9 /bI25 aIsben, Enrique aEspectros / aBuenos Aires :bSopena,c1940. a157 páginas ;c22 cm. aBiblioteca Mundial Sopena aLiteratura Noruega aPoesía aSiglo XX